Treating the drug user: selected planning models issues, parameters and programs
| Contributors: | |
|---|---|
| Format: | Print Book |
| Language: | English |
| Published: |
Danbury, Conn.
Decisions, Issues and Alternatives
1986
|
| In: |
A Sandoz series publication (1)
Year: 1986 |
| Availability in Tübingen: | Present in Tübingen. UB: KB 2 B 978 |
| Check availability: | HBZ Gateway |
| Subito Delivery Service: | Order now. |
| Keywords: |
MARC
| LEADER | 00000cam a2200000 c 4500 | ||
|---|---|---|---|
| 001 | 109296794X | ||
| 003 | DE-627 | ||
| 005 | 20251224220451.0 | ||
| 007 | tu | ||
| 008 | 910128s1986 xx ||||| 00| ||eng c | ||
| 035 | |a (DE-627)109296794X | ||
| 035 | |a (DE-576)02296794X | ||
| 035 | |a (DE-599)BSZ02296794X | ||
| 035 | |a (OCoLC)18051474 | ||
| 040 | |a DE-627 |b ger |c DE-627 |e rakwb | ||
| 041 | |a eng | ||
| 082 | 0 | |a 362.2/9286 | |
| 245 | 0 | 0 | |a Treating the drug user |b selected planning models issues, parameters and programs |c Stanley Einstein |
| 264 | 1 | |a Danbury, Conn. |b Decisions, Issues and Alternatives |c 1986 | |
| 300 | |a 284 S. | ||
| 336 | |a Text |b txt |2 rdacontent | ||
| 337 | |a ohne Hilfsmittel zu benutzen |b n |2 rdamedia | ||
| 338 | |a Band |b nc |2 rdacarrier | ||
| 490 | 1 | |a A Sandoz series publication |v 1 | |
| 583 | 1 | |a Archivierung prüfen |c 20200919 |f DE-640 |z 1 |2 pdager | |
| 655 | 7 | |a Konferenzschrift |0 (DE-588)1071861417 |0 (DE-627)826484824 |0 (DE-576)433375485 |2 gnd-content | |
| 700 | 1 | |a Einstein, Stanley |e Hrsg. |4 edt | |
| 810 | 2 | |a Sandoz AG |t A Sandoz series publication |v 1 |9 1 |w (DE-627)1092967834 |w (DE-576)022967834 |7 am | |
| 951 | |a BO | ||
| ELC | |b 1 | ||
| LOK | |0 000 xxxxxcx a22 zn 4500 | ||
| LOK | |0 001 2158096160 | ||
| LOK | |0 003 DE-627 | ||
| LOK | |0 004 109296794X | ||
| LOK | |0 005 20150820100136 | ||
| LOK | |0 008 910128||||||||||||||||ger||||||| | ||
| LOK | |0 040 |a DE-21 |c DE-627 |d DE-21 | ||
| LOK | |0 852 |a DE-21 | ||
| LOK | |0 852 1 |c KB 2 B 978 |9 00 | ||
| LOK | |0 866 |x Kopie | ||
| LOK | |0 935 |a krim | ||
| LOK | |0 939 |a 28-01-91 |b l01 | ||
| ORI | |a SA-MARC-krimdoka001.raw | ||
| SIG | |a UB: KB 2 B 978 | ||
